000 00749nam a22001815i 4500
001 157049
003 ES-MaACL
005 20230906210553.0
008 040809s1878 fr a |||| | fre d
040 _aCAM
_bspa
_cCAM
100 1 _aLapparent, G. de.
_9128686
245 1 0 _aApplications agricoles des constructions ogivales a ossature en fer /
_cpar G. de Lapparent.
260 _aParis :
_bAux Bureaux du Journal de l'Agriculture, chez G. Masson éditeur,
_c1878 (
_fTypographie Lahure)
300 _a24 p. :
_bil. ;
_c28 cm.
500 _aEn port. consta: Extrait du Journal de l'Agriculture.
650 4 _aArquitectura popular.
_910041
852 _aES-MaACL
_jT-780-F-2
_z-- Enc. hol. conservando la cub. original
_z-- Enc. en un vol. facticio
999 _c157049
_d157049